000 00297nam a22001337a 4500
008 181217b xxu||||| |||| 00| 0 eng d
020 _a2740323774551
041 _aeng
080 _a339.138
100 _a61
101 _aMAR
245 _aMarketing Research
_cMalhotra.N.K
942 _2udc
_cBK
999 _c53249
_d53249